| 000 | 01344pam a2200217 a 4500 | ||
|---|---|---|---|
| 999 |
_c5666 _d5666 |
||
| 020 | _a0132695499 | ||
| 022 | _a9780132695497 | ||
| 050 | 0 | 0 |
_aRC467 _b.N54 |
| 100 | 1 | _aNietzel, Michael T. | |
| 245 | 1 | 0 |
_aIntroduction to clinical psychology / _cMichael T. Nietzel, Douglas A. Bernstein, Richard Milich. |
| 250 | _a5th ed. | ||
| 260 |
_aUpper Saddle River, N.J. : _bPrentice Hall, _cc1998. |
||
| 300 |
_ax, 646 p. : _bill. ; _c24 cm. |
||
| 500 | _aIncludes bibliographical references and index | ||
| 505 | _aCh. 1. Clinical Psychology: Definitions and History -- Ch. 2. Approaches to Clinical Psychology -- Ch. 3. Assessment in Clinical Psychology -- Ch. 4. Interviewing in Clinical Psychology -- Ch. 5. Testing in Clinical Psychology -- Ch. 6. Observation in Clinical Psychology -- Ch. 7. Clinical Interventions: An Overview -- Ch. 8. Clinical Intervention: Methods of Psychotherapy -- Ch. 9. Research on Clinical Intervention -- Ch. 10. Clinical Child Psychology -- Ch. 11. Health Psychology -- Ch. 12. Clinical Neuropsychology -- Ch. 13. Forensic Psychology -- Ch. 14. Professional Issues in Clinical Psychology -- Getting into Graduate School in Clinical Psychology. | ||
| 650 | 0 | _aClinical psychology. | |
| 650 | 1 | 2 | _aPsychology, Clinical. |
| 700 | 1 | _aBernstein, Douglas A. | |
| 700 | 1 | _aMilich, Richard. | |
| 942 | _cBK | ||